Panzer leader (Record no. 186030)

000 -LEADER
fixed length control field 00464 a2200181 4500
003 - CONTROL NUMBER IDENTIFIER
control field Nust
005 - DATE AND TIME OF LATEST TRANSACTION
control field 20170207153428.0
010 ## - LIBRARY OF CONGRESS CONTROL NUMBER
LC control number 52007787
040 ## - CATALOGING SOURCE
Transcribing agency Nust
082 ## - DEWEY DECIMAL CLASSIFICATION NUMBER
Classification number 920
100 ## - MAIN ENTRY--PERSONAL NAME
Personal name Guderian, Heinz,
245 ## - TITLE STATEMENT
Title Panzer leader
Statement of responsibility, etc. B.H. Liddell Hart. Translated from the German by Constantine Fitzgibbon
260 ## - PUBLICATION, DISTRIBUTION, ETC.
Place of publication, distribution, etc. Dutton
Name of publisher, distributor, etc. New York
Date of publication, distribution, etc. 1952
300 ## - PHYSICAL DESCRIPTION
Extent 528 p
538 ## - SYSTEM DETAILS NOTE
System details note Almirah No.60 Shelf No.3
600 ## - SUBJECT ADDED ENTRY--PERSONAL NAME
Personal name Guderian, Heinz,
650 ## - SUBJECT ADDED ENTRY--TOPICAL TERM
Topical term or geographic name entry element Panzer leader
942 ## - ADDED ENTRY ELEMENTS (KOHA)
Source of classification or shelving scheme
Koha item type Book
Holdings
Withdrawn status Lost status Source of classification or shelving scheme Damaged status Not for loan Permanent Location Current Location Date acquired Full call number Barcode Date last seen Price effective from Koha item type
          Military College of Signals (MCS) Military College of Signals (MCS) 12/12/2016 920 GUD MCS20911 12/08/2016 12/12/2016 Book
© 2023 Central Library, National University of Sciences and Technology. All Rights Reserved.